[Event "ENCI Limburg-open A"]
[Site "Maastricht"]
[Date "2007.05.25"]
[Round "1"]
[White "Akstinat, Sven Holger"]
[Black "Vandevoort, Pascal"]
[Result "1/2-1/2"]
[WhiteElo "2182"]
[BlackElo "2385"]
[PlyCount "58"]
[EventDate "2007.05.25"]
[EventType "swiss"]
[EventRounds "7"]
[EventCountry "NED"]
[Source "P.Boonen"]
[SourceDate "2010.01.01"]

1. e4 e5 2. Nf3 Nc6 3. Bb5 a6 4. Bxc6 dxc6 5. O-O f6 6. d4 Bg4 7. dxe5 Qxd1 8.
Rxd1 fxe5 9. Be3 Nf6 10. Nbd2 O-O-O 11. Nc4 Re8 12. Ncxe5 Bh5 13. Rd3 Bd6 14.
Nc4 Nxe4 15. Ng5 Nxg5 16. Nxd6+ cxd6 17. Bxg5 d5 18. Be3 Bg6 19. Rd2 Re4 20.
Bd4 Rhe8 21. Kf1 R8e7 22. f3 R4e6 23. a4 h5 24. h4 Rf7 25. b3 a5 26. Re1 Rxe1+
27. Kxe1 Re7+ 28. Kf2 Kc7 29. g3 Bf5 1/2-1/2

[Event "ENCI Limburg-open A"]
[Site "Maastricht"]
[Date "2007.05.25"]
[Round "1"]
[White "Arnelind, Mikael"]
[Black "Driessens, Patrick"]
[Result "0-1"]
[WhiteElo "2155"]
[BlackElo "2276"]
[PlyCount "96"]
[EventDate "2007.05.25"]
[EventType "swiss"]
[EventRounds "7"]
[EventCountry "NED"]
[Source "P.Boonen"]
[SourceDate "2010.01.01"]

1. d4 d5 2. c4 c6 3. Nc3 Nf6 4. Nf3 a6 5. e3 b5 6. cxd5 cxd5 7. Ne5 e6 8. Bd3
Be7 9. O-O Bb7 10. f4 Nbd7 11. Bd2 O-O 12. Be1 b4 13. Nb1 Ne4 14. Nd2 f6 15.
Nxd7 Qxd7 16. Qb1 Qc6 17. f5 exf5 18. Rxf5 Qe6 19. Rf1 a5 20. Qd1 Bd6 21. Qe2
Rfc8 22. Kh1 Bb8 23. Nxe4 dxe4 24. Bb5 Bd5 25. a3 b3 26. Bc3 Bd6 27. Rac1 f5
28. g3 g6 29. Bd2 Rc2 30. Rxc2 bxc2 31. Bc3 Bb3 32. Bc6 Rc8 33. d5 Bxd5 34.
Bxd5 Qxd5 35. Qxc2 Be5 36. Rd1 Qc4 37. Rc1 Bxc3 38. bxc3 Rd8 39. Qb2 Qc5 40.
Qb3+ Kg7 41. c4 Rd3 42. Rc3 Qxe3 43. Rxd3 exd3 44. Qc3+ Kg8 45. Qxa5 d2 46.
Qd8+ Kg7 47. Qc7+ Kh6 48. Qd6 Qf3+ 0-1

[Event "ENCI Limburg-open A"]
[Site "Maastricht"]
[Date "2007.05.25"]
[Round "1"]
[White "Berg, Emanuel"]
[Black "Sprangers, Remco"]
[Result "1-0"]
[WhiteElo "2574"]
[BlackElo "2207"]
[PlyCount "73"]
[EventDate "2007.05.25"]
[EventType "swiss"]
[EventRounds "7"]
[EventCountry "NED"]
[Source "P.Boonen"]
[SourceDate "2010.01.01"]

1. e4 c5 2. Nf3 d6 3. d4 cxd4 4. Nxd4 Nf6 5. Nc3 a6 6. Bg5 e6 7. f4 Be7 8. Qf3
Qc7 9. O-O-O Nbd7 10. Bd3 h6 11. Bh4 g5 12. fxg5 Ne5 13. Qe2 Nfg4 14. Nf3 Qc5
15. Bg3 hxg5 16. h3 Nf6 17. Bf2 Qa5 18. g4 b5 19. a3 b4 20. Nb1 bxa3 21. Nxa3
Rb8 22. Bd4 Qa4 23. Nxe5 dxe5 24. Bxe5 Rxb2 25. Bxb2 Bxa3 26. Qd2 Bxb2+ 27.
Kxb2 Qd4+ 28. Qc3 Qxc3+ 29. Kxc3 e5 30. Ra1 Rh6 31. Ra5 Nxg4 32. Rb1 Rxh3 33.
Rb8 Kd7 34. Rc5 Rh8 35. Kb4 Re8 36. Bc4 Nh6 37. Bb3 1-0

[Event "ENCI Limburg-open A"]
[Site "Maastricht"]
[Date "2007.05.25"]
[Round "1"]
[White "Braeken, Barry"]
[Black "Vrendenborg, Carel"]
[Result "1-0"]
[WhiteElo "1941"]
[BlackElo "2023"]
[PlyCount "45"]
[EventDate "2007.05.25"]
[EventType "swiss"]
[EventRounds "7"]
[EventCountry "NED"]
[Source "P.Boonen"]
[SourceDate "2010.01.01"]

1. e4 c5 2. d3 g6 3. g3 Bg7 4. Bg2 Nc6 5. Nf3 Nf6 6. O-O d5 7. Nbd2 O-O 8. Re1
h6 9. c3 Kh7 10. h3 dxe4 11. dxe4 Be6 12. Qe2 Nd7 13. Nh4 Nde5 14. f4 Nd3 15.
Rd1 c4 16. f5 Qb6+ 17. Kh2 Rad8 18. fxe6 Nxc1 19. Raxc1 Qxb2 20. Nhf3 Bxc3 21.
Qxc4 Bxd2 22. Rc2 Qb4 23. Rdxd2 1-0

[Event "ENCI Limburg-open A"]
[Site "Maastricht"]
[Date "2007.05.25"]
[Round "1"]
[White "Bus, Tom"]
[Black "Seip, Rien"]
[Result "1-0"]
[WhiteElo "2230"]
[BlackElo "2093"]
[PlyCount "53"]
[EventDate "2007.05.25"]
[EventType "swiss"]
[EventRounds "7"]
[EventCountry "NED"]
[Source "P.Boonen"]
[SourceDate "2010.01.01"]

1. c4 Nf6 2. g3 g6 3. Bg2 Bg7 4. Nc3 O-O 5. d3 d6 6. Rb1 e5 7. e4 c6 8. Nge2
Nh5 9. O-O f5 10. exf5 Bxf5 11. h3 Be6 12. Kh2 Kh8 13. b3 d5 14. Qc2 a6 15. Ba3
Rf7 16. Rbe1 b5 17. f4 Qa5 18. Bb2 b4 19. Na4 exf4 20. Nxf4 Nxf4 21. Rxf4 Rxf4
22. Rxe6 Rf8 23. Re7 d4 24. Qe2 Qg5 25. Nb6 Ra7 26. Rxa7 Be5 27. Qg4 1-0

[Event "ENCI Limburg-open A"]
[Site "Maastricht"]
[Date "2007.05.25"]
[Round "1"]
[White "Butkiewicz, Lukasz"]
[Black "Van der Veen, Terry"]
[Result "0-1"]
[WhiteElo "2252"]
[BlackElo "2118"]
[PlyCount "118"]
[EventDate "2007.05.25"]
[EventType "swiss"]
[EventRounds "7"]
[EventCountry "NED"]
[Source "P.Boonen"]
[SourceDate "2010.01.01"]

1. e4 e5 2. Nf3 Nc6 3. Bb5 a6 4. Ba4 Nf6 5. O-O Be7 6. Re1 b5 7. Bb3 O-O 8. d4
Nxd4 9. Nxd4 exd4 10. e5 Ne8 11. Qxd4 Bb7 12. c3 d6 13. Bf4 dxe5 14. Bxe5 Bd6
15. Na3 Qg5 16. Bg3 Rd8 17. Qa7 Bxg3 18. Qxb7 Bd6 19. Qxa6 Nf6 20. g3 Ng4 21.
Re2 Bc5 22. Rf1 Nxh2 23. Kxh2 Qh5+ 24. Kg1 Qxe2 25. Qxb5 Qe5 26. Kg2 Qe4+ 27.
Kg1 Qe5 28. Kg2 Qe4+ 29. Kg1 Bxa3 30. bxa3 Rd6 31. Qa4 Qd3 32. Bd1 Qxc3 33. Kg2
Qc6+ 34. Qxc6 Rxc6 35. Bb3 Ra6 36. a4 c5 37. Re1 Ra7 38. Re4 Rc8 39. Kf3 Kf8
40. Rf4 f6 41. Rc4 g5 42. Ke4 Kg7 43. Kd5 Rd7+ 44. Ke6 Rd4 45. Kf5 Rxc4 46.
Bxc4 Re8 47. f4 gxf4 48. Kxf4 Ra8 49. Bb3 c4 50. Bc2 Rd8 51. Ke3 c3 52. Bb3 Kh6
53. a5 Kg5 54. a6 Kg4 55. Bc2 Kxg3 56. Bxh7 Rd6 57. Bd3 Re6+ 58. Kd4 Rxa6 59.
Kxc3 Rxa2 0-1

[Event "ENCI Limburg-open A"]
[Site "Maastricht"]
[Date "2007.05.25"]
[Round "1"]
[White "Caessens, Rob"]
[Black "L'Ami, Erwin"]
[Result "0-1"]
[WhiteElo "2221"]
[BlackElo "2617"]
[PlyCount "130"]
[EventDate "2007.05.25"]
[EventType "swiss"]
[EventRounds "7"]
[EventCountry "NED"]
[Source "P.Boonen"]
[SourceDate "2010.01.01"]

1. d4 d5 2. Nf3 c6 3. Bf4 Nf6 4. e3 Bg4 5. Be2 e6 6. h3 Bxf3 7. Bxf3 Bd6 8.
Bxd6 Qxd6 9. Nd2 Nbd7 10. O-O e5 11. dxe5 Nxe5 12. Be2 O-O 13. c4 d4 14. Nf3
Nxf3+ 15. Bxf3 d3 16. Qb3 Nd7 17. Rfd1 Ne5 18. Be4 Rad8 19. Rac1 d2 20. Rc2 Qe6
21. Rcxd2 Rxd2 22. Rxd2 Nxc4 23. Rd4 Nb6 24. Qa3 g6 25. Bc2 Nc8 26. Bb3 Qf5 27.
Rf4 Qe5 28. Qb4 Nd6 29. Qd2 c5 30. h4 b5 31. Qd5 Qxd5 32. Bxd5 Kg7 33. Kf1 f5
34. b4 Rc8 35. bxc5 Rxc5 36. Rd4 a5 37. Ke2 Kf6 38. f3 h6 39. Kd2 Ke7 40. Bb3
b4 41. Rd5 Nb7 42. Rd4 Rc3 43. Rd3 Rc7 44. Rd5 Rc5 45. Rd4 Nd8 46. Rd5 Ne6 47.
Rxc5 Nxc5 48. Bg8 a4 49. Kc2 Kf6 50. Bc4 Ke5 51. Bf7 g5 52. hxg5 hxg5 53. Be8
f4 54. exf4+ gxf4 55. Kc1 Kd4 56. Kd2 a3 57. Kc2 Nd3 58. Bg6 Ne1+ 59. Kb3 Kc5
60. Be4 Nxg2 61. Kc2 Ne3+ 62. Kb3 Nc4 63. Ba8 Nd6 64. Kc2 Nb5 65. Be4 Nc3 0-1

[Event "ENCI Limburg-open A"]
[Site "Maastricht"]
[Date "2007.05.25"]
[Round "1"]
[White "Coenen, Bert"]
[Black "Peric, Mijo"]
[Result "1/2-1/2"]
[WhiteElo "1879"]
[BlackElo "2006"]
[PlyCount "107"]
[EventDate "2007.05.25"]
[EventType "swiss"]
[EventRounds "7"]
[EventCountry "NED"]
[Source "P.Boonen"]
[SourceDate "2010.01.01"]

1. d4 Nf6 2. Bg5 Ne4 3. Bf4 d6 4. f3 Nf6 5. e4 Nbd7 6. Ne2 c6 7. c4 g6 8. Qd2
Bg7 9. Nbc3 O-O 10. Bh6 e5 11. Bxg7 Kxg7 12. d5 Ne8 13. g4 Nb6 14. Ng3 Qh4 15.
O-O-O c5 16. Bd3 Nf6 17. Rdg1 a6 18. Qg2 Kh8 19. Kb1 Bd7 20. Nge2 Na4 21. Nxa4
Bxa4 22. Nc3 Bd7 23. Qd2 Rfb8 24. Rg3 b5 25. Bf1 Ng8 26. Rh3 Qd8 27. Rg3 b4 28.
Nd1 a5 29. h4 h6 30. Bd3 Kg7 31. Rg2 a4 32. Ne3 a3 33. b3 Kf8 34. Rf2 Qc8 35.
Rhf1 Qd8 36. Ng2 Kg7 37. f4 f6 38. fxe5 dxe5 39. Ne3 Rb6 40. Be2 Rd6 41. Ng2
Qc8 42. Ne3 Qd8 43. Rg1 Qb6 44. g5 hxg5 45. hxg5 fxg5 46. Rxg5 Nf6 47. Rxe5 Qd8
48. Bd3 Qf8 49. Rg2 Rda6 50. Nf5+ Bxf5 51. exf5 Nh5 52. Qg5 Qf6 53. Qxf6+ Rxf6
54. Re6 1/2-1/2

[Event "ENCI Limburg-open A"]
[Site "Maastricht"]
[Date "2007.05.25"]
[Round "1"]
[White "Costello, Colin"]
[Black "Pijpers, Arthur"]
[Result "0-1"]
[WhiteElo "2004"]
[BlackElo "1835"]
[PlyCount "106"]
[EventDate "2007.05.25"]
[EventType "swiss"]
[EventRounds "7"]
[EventCountry "NED"]
[Source "P.Boonen"]
[SourceDate "2010.01.01"]

1. c4 Nf6 2. Nf3 c5 3. Nc3 e6 4. d4 cxd4 5. Nxd4 Bb4 6. Qb3 Bc5 7. Nf3 Nc6 8.
Bg5 O-O 9. e3 Be7 10. Rd1 d6 11. Be2 b6 12. Nd4 Bb7 13. O-O Rc8 14. Nxc6 Bxc6
15. Nb5 Ne4 16. Bf4 Qd7 17. Bf3 Nc5 18. Bxc6 Rxc6 19. Qc2 a6 20. b4 axb5 21.
cxb5 Rc7 22. bxc5 Rxc5 23. Qa4 e5 24. Bg3 Qxb5 25. Qa7 Re8 26. Rb1 Qa5 27. Qd7
Rcc8 28. Rfc1 Rcd8 29. Qc6 Qxa2 30. Rxb6 Qe6 31. Qb7 Rc8 32. Rbc6 Rxc6 33. Rxc6
f6 34. Rc7 Kf8 35. f3 d5 36. Be1 d4 37. Kf2 Qa2+ 38. Kg3 dxe3 39. Rxe7 Rxe7 40.
Bb4 Qe6 41. Qe4 f5 42. Bxe7+ Kxe7 43. Qh4+ Kf7 44. h3 f4+ 45. Kh2 e2 46. Qf2
Qa6 47. g3 Qa2 48. h4 fxg3+ 49. Kxg3 Qd2 50. Qa7+ Kg6 51. h5+ Kh6 52. Kg4 e1=Q
53. Qb6+ g6 0-1

[Event "ENCI Limburg-open A"]
[Site "Maastricht"]
[Date "2007.05.25"]
[Round "1"]
[White "Dam, Hans"]
[Black "Geboers, Jimmy"]
[Result "1-0"]
[WhiteElo "2066"]
[BlackElo "1959"]
[PlyCount "69"]
[EventDate "2007.05.25"]
[EventType "swiss"]
[EventRounds "7"]
[EventCountry "NED"]
[Source "P.Boonen"]
[SourceDate "2010.01.01"]

1. d4 Nf6 2. Nf3 e6 3. g3 b6 4. Bg2 Bb7 5. O-O Be7 6. c4 O-O 7. Nc3 d5 8. Ne5
c5 9. cxd5 Nxd5 10. e4 Nxc3 11. bxc3 cxd4 12. cxd4 Nd7 13. f4 Nf6 14. Re1 Bb4
15. Re3 Rc8 16. Bb2 Qc7 17. Rc1 Qb8 18. Rxc8 Rxc8 19. Qb3 Be7 20. f5 Qd6 21.
Nxf7 Kxf7 22. e5 Bd5 23. exd6 Bxb3 24. axb3 Bxd6 25. fxe6+ Ke7 26. Re2 Rd8 27.
Bc3 Bb8 28. Bf3 a5 29. Bb2 Bd6 30. Kg2 Bb4 31. g4 g5 32. Bc1 Rxd4 33. Bxg5 Rd6
34. Bxf6+ Kxf6 35. e7 1-0

[Event "ENCI Limburg-open A"]
[Site "Maastricht"]
[Date "2007.05.25"]
[Round "1"]
[White "Dobrev, Nanko"]
[Black "Dek, Lennart"]
[Result "1/2-1/2"]
[WhiteElo "2467"]
[BlackElo "2196"]
[PlyCount "101"]
[EventDate "2007.05.25"]
[EventType "swiss"]
[EventRounds "7"]
[EventCountry "NED"]
[Source "P.Boonen"]
[SourceDate "2010.01.01"]

1. d4 d5 2. Nf3 e6 3. c4 Be7 4. Nc3 Nf6 5. Bg5 h6 6. Bxf6 Bxf6 7. e4 dxe4 8.
Nxe4 Be7 9. Qd2 Nd7 10. O-O-O c6 11. h4 Qc7 12. g4 e5 13. Ng3 Nf6 14. g5 Ng4
15. Bd3 Be6 16. Nf5 O-O-O 17. Nxg7 exd4 18. Rhe1 Bd6 19. Qe2 Bd7 20. Kb1 c5 21.
g6 Rhg8 22. Nf5 fxg6 23. Nxd6+ Qxd6 24. Nd2 Bf5 25. Ne4 Qc7 26. Ka1 Rge8 27. h5
Nf6 28. Qf3 Bxe4 29. Bxe4 Nxe4 30. Rxe4 Rxe4 31. Qxe4 gxh5 32. f4 Rf8 33. Qe6+
Qd7 34. Qxh6 Qf5 35. Qd6 Rd8 36. Qe7 Rd7 37. Qe8+ Rd8 38. Qe7 d3 39. Qe3 h4 40.
a3 h3 41. Rd2 a6 42. Ka2 Kb8 43. Kb3 Rd4 44. Rf2 Qh5 45. f5 d2 46. Rxd2 Rxd2
47. Qxd2 Qxf5 48. Ka4 Ka7 49. b4 Qe4 50. Qh6 Qxc4 51. Qb6+ 1/2-1/2

[Event "ENCI Limburg-open A"]
[Site "Maastricht"]
[Date "2007.05.25"]
[Round "1"]
[White "Ekat, Michael"]
[Black "Van den Bersselaar, Henri"]
[Result "1-0"]
[WhiteElo "2008"]
[BlackElo "1896"]
[PlyCount "95"]
[EventDate "2007.05.25"]
[EventType "swiss"]
[EventRounds "7"]
[EventCountry "NED"]
[Source "P.Boonen"]
[SourceDate "2010.01.01"]

1. e4 d5 2. d4 dxe4 3. Nc3 Bf5 4. f3 Nf6 5. g4 Bg6 6. g5 Nd5 7. Nxe4 e6 8. Bg2
Nc6 9. Ne2 Bb4+ 10. c3 Be7 11. h4 f5 12. Nf2 Bd6 13. Nd3 Bh5 14. Nef4 Nxf4 15.
Bxf4 Qe7 16. Qe2 O-O-O 17. O-O-O Bf7 18. Bxd6 Rxd6 19. f4 h6 20. Nc5 Nd8 21.
Nd3 Nc6 22. Rde1 Qe8 23. Bf3 h5 24. Qg2 g6 25. Kb1 Nd8 26. Qc2 Rb6 27. Ne5 Qb5
28. Be2 Qd5 29. Bc4 Qd6 30. Nxf7 Nxf7 31. Bxe6+ Qxe6 32. Rxe6 Rxe6 33. Qb3 Rhe8
34. a3 Nd6 35. c4 Ne4 36. Ka2 Nf2 37. Rh2 Re3 38. Qa4 Nd3 39. Rd2 Nc1+ 40. Kb1
Nb3 41. Rd1 a6 42. c5 c6 43. Qb4 R8e4 44. Qc4 Rxf4 45. Qg8+ Kc7 46. Qxg6 Rf2
47. d5 Ree2 48. d6+ 1-0

[Event "ENCI Limburg-open A"]
[Site "Maastricht"]
[Date "2007.05.25"]
[Round "1"]
[White "Fernandez, Daniel"]
[Black "Friese, Henning"]
[Result "0-1"]
[WhiteElo "1975"]
[BlackElo "2077"]
[PlyCount "90"]
[EventDate "2007.05.25"]
[EventType "swiss"]
[EventRounds "7"]
[EventCountry "NED"]
[Source "P.Boonen"]
[SourceDate "2010.01.01"]

1. e4 d5 2. exd5 Qxd5 3. Nc3 Qa5 4. d4 c6 5. Nf3 Nf6 6. Bc4 Bf5 7. O-O e6 8.
Bf4 Nbd7 9. a3 Qd8 10. Nh4 Bg6 11. Qd2 Be7 12. Nxg6 hxg6 13. Ne2 O-O 14. Ba2 b5
15. a4 a6 16. a5 Nd5 17. Bxd5 cxd5 18. b4 Rc8 19. c3 Rc6 20. Nc1 g5 21. Be3 Nf6
22. f3 g4 23. Nd3 gxf3 24. gxf3 Qc7 25. Rac1 Bd6 26. Nc5 Re8 27. Bg5 Nh7 28.
Be3 e5 29. Qa2 exd4 30. Bxd4 Bxh2+ 31. Qxh2 Rg6+ 32. Kh1 Rh6 33. Qxh6 gxh6 34.
f4 Re2 35. Rg1+ Ng5 36. Rcf1 Kf8 37. Rg4 Qc8 38. Rh4 Ne4 39. Nxe4 dxe4 40. Rxh6
Qg4 41. Rh2 Rxh2+ 42. Kxh2 e3 43. Bc5+ Ke8 44. Bd4 e2 45. Re1 Qh4+ 0-1

[Event "ENCI Limburg-open A"]
[Site "Maastricht"]
[Date "2007.05.25"]
[Round "1"]
[White "Heedt, Thorsten"]
[Black "Wemmers, Xander"]
[Result "0-1"]
[WhiteElo "2187"]
[BlackElo "2415"]
[PlyCount "76"]
[EventDate "2007.05.25"]
[EventType "swiss"]
[EventRounds "7"]
[EventCountry "NED"]
[Source "P.Boonen"]
[SourceDate "2010.01.01"]

1. c4 Nf6 2. g3 e6 3. Bg2 d5 4. d4 dxc4 5. Qa4+ Bd7 6. Qxc4 Bc6 7. Nf3 Nbd7 8.
O-O Be7 9. Nc3 O-O 10. Re1 Bxf3 11. Bxf3 c6 12. e4 e5 13. Be3 exd4 14. Qxd4 Bc5
15. Qd1 Bxe3 16. Rxe3 Qe7 17. Bg2 Ne5 18. Qc2 Rad8 19. Rae1 Qc5 20. h3 Rd7 21.
Rd1 Rfd8 22. Rxd7 Rxd7 23. Re1 h5 24. Rd1 h4 25. Rxd7 Nfxd7 26. Kh2 hxg3+ 27.
fxg3 Nf8 28. Qe2 Ne6 29. Nd1 Nd4 30. Qf2 f6 31. Kh1 a5 32. Nc3 b5 33. Ne2 Qc2
34. Qxd4 Qxe2 35. Qd8+ Kf7 36. Qd4 a4 37. g4 Qd3 38. Qf2 Qb1+ 0-1

[Event "ENCI Limburg-open A"]
[Site "Maastricht"]
[Date "2007.05.25"]
[Round "1"]
[White "Heinen, Igor"]
[Black "Reyniers, Pieter"]
[Result "1-0"]
[WhiteElo "1921"]
[BlackElo "2016"]
[PlyCount "89"]
[EventDate "2007.05.25"]
[EventType "swiss"]
[EventRounds "7"]
[EventCountry "NED"]
[Source "P.Boonen"]
[SourceDate "2010.01.01"]

1. d4 f5 2. Bg5 h6 3. Bh4 g5 4. Bg3 Nf6 5. e3 d6 6. c4 e6 7. Nc3 Bg7 8. Bd3 Bd7
9. f3 Nc6 10. Nge2 e5 11. Qb1 Qc8 12. O-O O-O 13. b4 Nh5 14. Bf2 a5 15. b5 Ne7
16. a4 Nf6 17. Ra2 g4 18. dxe5 dxe5 19. e4 gxf3 20. gxf3 f4 21. Kh1 Bh3 22. Rg1
b6 23. c5 Rb8 24. Rd2 Qe8 25. Bc4+ Kh8 26. Nd5 Qh5 27. Qb3 Nexd5 28. exd5 Rfd8
29. d6 cxd6 30. cxd6 Bf8 31. Bf7 Qf5 32. Rg6 Rb7 33. Bh4 Bg7 34. Bxf6 Bxf6 35.
Rxh6+ Kg7 36. Rg6+ Kh7 37. Rg1 Qd7 38. Bd5 Rbb8 39. Nc3 Bf5 40. Ne4 Bxe4 41.
Bxe4+ Kh8 42. Rg6 Bg7 43. Rdg2 Rg8 44. R2g4 Qd8 45. Qf7 1-0

[Event "ENCI Limburg-open A"]
[Site "Maastricht"]
[Date "2007.05.25"]
[Round "1"]
[White "In 't Veld, Daan"]
[Black "Korneev, Oleg"]
[Result "0-1"]
[WhiteElo "2204"]
[BlackElo "2565"]
[PlyCount "60"]
[EventDate "2007.05.25"]
[EventType "swiss"]
[EventRounds "7"]
[EventCountry "NED"]
[Source "P.Boonen"]
[SourceDate "2010.01.01"]

1. e4 c5 2. Nf3 e6 3. Nc3 a6 4. d4 cxd4 5. Nxd4 Qc7 6. Bd3 Nc6 7. Nxc6 dxc6 8.
O-O e5 9. Be3 Nf6 10. f3 Be7 11. Qe2 O-O 12. Rfd1 b5 13. Qf2 Be6 14. Bf1 c5 15.
a4 b4 16. Nd5 Bxd5 17. exd5 Bd6 18. Qh4 e4 19. fxe4 Rfe8 20. e5 Bxe5 21. Bg5
Ne4 22. d6 Bxd6 23. g3 c4 24. Rd5 Qb6+ 25. Kg2 Qf2+ 26. Kh1 Bc5 27. Bh3 Qf3+
28. Bg2 Nf2+ 29. Kg1 Nd1+ 30. Rxc5 Re1+ 0-1

[Event "ENCI Limburg-open A"]
[Site "Maastricht"]
[Date "2007.05.25"]
[Round "1"]
[White "Konings, Frans"]
[Black "Kamps, Jacques"]
[Result "1-0"]
[WhiteElo "2246"]
[BlackElo "2102"]
[PlyCount "83"]
[EventDate "2007.05.25"]
[EventType "swiss"]
[EventRounds "7"]
[EventCountry "NED"]
[Source "P.Boonen"]
[SourceDate "2010.01.01"]

1. d4 Nf6 2. c4 c5 3. d5 e5 4. Nc3 d6 5. e4 Nbd7 6. Nf3 Be7 7. Be2 O-O 8. O-O
Ne8 9. a3 g6 10. Bh6 Ng7 11. Qd2 Nf6 12. Ng5 Kh8 13. f4 Ng4 14. Bxg7+ Kxg7 15.
Nf3 exf4 16. Qxf4 f6 17. Qg3 Nh6 18. Rad1 f5 19. Ne1 Bf6 20. Nc2 Be5 21. Qe1 f4
22. Rd3 Ng4 23. Bxg4 Bxg4 24. Nd1 Qe7 25. Nf2 Bd7 26. Rf3 b5 27. Nd3 bxc4 28.
Nxf4 Bxb2 29. Qb1 Be5 30. Qb7 Rae8 31. Ne6+ Bxe6 32. Qxe7+ Rxe7 33. Rxf8 Bd7
34. Rb8 Ba4 35. Ne1 Bd4+ 36. Kh1 Rxe4 37. Nf3 Bf6 38. Re1 Re7 39. Rxe7+ Bxe7
40. Rb1 Bb3 41. h4 Bf6 42. Nd2 1-0

[Event "ENCI Limburg-open A"]
[Site "Maastricht"]
[Date "2007.05.25"]
[Round "1"]
[White "Larmuseau, Maarten"]
[Black "Nelissen, Andy"]
[Result "1-0"]
[WhiteElo "2020"]
[BlackElo "1937"]
[PlyCount "87"]
[EventDate "2007.05.25"]
[EventType "swiss"]
[EventRounds "7"]
[EventCountry "NED"]
[Source "P.Boonen"]
[SourceDate "2010.01.01"]

1. e4 c5 2. Nc3 d6 3. f4 e6 4. Nf3 Nc6 5. Bb5 Nf6 6. Bxc6+ bxc6 7. d3 g6 8. O-O
Bg7 9. Qe1 O-O 10. Rb1 Nd7 11. Bd2 Nb6 12. b3 d5 13. e5 Ba6 14. Rf2 Qe7 15. a4
c4 16. a5 Nd7 17. bxc4 dxc4 18. d4 Rab8 19. Ne4 c5 20. Rxb8 Rxb8 21. dxc5 Bb7
22. Nd6 Bd5 23. Bb4 f6 24. c3 Qd8 25. Qe3 Qc7 26. exf6 Nxf6 27. Rd2 Ng4 28. Qe2
h6 29. Rxd5 exd5 30. Qe6+ Kh7 31. Qxg4 d4 32. f5 Qe7 33. fxg6+ Kg8 34. Nf5 Qe2
35. N5xd4 Qe3+ 36. Kf1 Re8 37. c6 h5 38. Qxh5 Bh6 39. Qd5+ Kh8 40. Qxc4 Qc1+
41. Kf2 Qe3+ 42. Kg3 Re4 43. Qf7 Bg7 44. Qxg7+ 1-0

[Event "ENCI Limburg-open A"]
[Site "Maastricht"]
[Date "2007.05.25"]
[Round "1"]
[White "Larmuseau, Michiel"]
[Black "Hahn, Gerard"]
[Result "0-1"]
[WhiteElo "1850"]
[BlackElo "2005"]
[PlyCount "68"]
[EventDate "2007.05.25"]
[EventType "swiss"]
[EventRounds "7"]
[EventCountry "NED"]
[Source "P.Boonen"]
[SourceDate "2010.01.01"]

1. e4 e5 2. Nf3 Nc6 3. Bb5 a6 4. Ba4 Nf6 5. O-O Be7 6. Re1 b5 7. Bb3 O-O 8. c3
d5 9. exd5 Nxd5 10. Nxe5 Nxe5 11. Rxe5 c6 12. d4 Bd6 13. Re1 Qh4 14. g3 Qh3 15.
Qf3 Bg4 16. Qg2 Qh5 17. Be3 Bf3 18. Qf1 f5 19. Bd1 Bxd1 20. Rxd1 f4 21. Bxf4
Nxf4 22. gxf4 Rxf4 23. h3 Rf3 24. Nd2 Rxh3 25. Qg2 Bh2+ 26. Kf1 Bf4 27. Kg1 Re8
28. Ne4 Re6 29. Ng3 Bxg3 30. fxg3 Rh6 31. g4 Qh4 32. Qe4 Rh1+ 33. Kg2 Rh2+ 34.
Kg1 Qf2# 0-1

[Event "ENCI Limburg-open A"]
[Site "Maastricht"]
[Date "2007.05.25"]
[Round "1"]
[White "Luch, Michael"]
[Black "Telke, Holger"]
[Result "1-0"]
[WhiteElo "2336"]
[BlackElo "2163"]
[PlyCount "103"]
[EventDate "2007.05.25"]
[EventType "swiss"]
[EventRounds "7"]
[EventCountry "NED"]
[Source "P.Boonen"]
[SourceDate "2010.01.01"]

1. d4 d5 2. c4 Bf5 3. Nf3 e6 4. Qb3 Nc6 5. Bd2 dxc4 6. Qxc4 Qd5 7. Qxd5 exd5 8.
a3 Bd6 9. Nc3 Nge7 10. Rc1 a6 11. Na4 f6 12. Nc5 Nd8 13. e3 g5 14. Be2 h5 15.
O-O Kf7 16. Ne1 Rh7 17. f3 Kg7 18. e4 Bc8 19. Ncd3 Ne6 20. Nc2 dxe4 21. fxe4
Ng6 22. Bc3 Ngf4 23. Rce1 Nxd3 24. Bxd3 Nf4 25. Bc4 b5 26. Bb3 Bb7 27. e5 fxe5
28. dxe5 Bc5+ 29. Bd4 Bxd4+ 30. Nxd4 Nxg2 31. Rf7+ Kh8 32. Rxh7+ Kxh7 33. Rc1
c6 34. Kxg2 c5+ 35. Kf2 Rf8+ 36. Ke2 Rf4 37. Rxc5 Rxd4 38. Rc7+ Kh8 39. Rxb7
Re4+ 40. Kf2 Rxe5 41. Ra7 Rf5+ 42. Kg2 Re5 43. Rf7 a5 44. h3 b4 45. Bd1 bxa3
46. bxa3 h4 47. Ra7 Rd5 48. Bg4 Rd2+ 49. Kf1 Rd5 50. Ke2 Re5+ 51. Kd3 Kg8 52.
a4 1-0

[Event "ENCI Limburg-open A"]
[Site "Maastricht"]
[Date "2007.05.25"]
[Round "1"]
[White "Miesen, Fabian"]
[Black "Peek, Maurice"]
[Result "0-1"]
[WhiteElo "2166"]
[BlackElo "2365"]
[PlyCount "58"]
[EventDate "2007.05.25"]
[EventType "swiss"]
[EventRounds "7"]
[EventCountry "NED"]
[Source "P.Boonen"]
[SourceDate "2010.01.01"]

1. a3 d5 2. d4 c5 3. Nc3 Nf6 4. Bg5 cxd4 5. Bxf6 dxc3 6. Bxc3 Nc6 7. Nf3 Qd6 8.
e3 a6 9. Qd2 e5 10. Rd1 Be6 11. b4 f6 12. e4 d4 13. Bb2 Rd8 14. Be2 Be7 15. c3
Bb3 16. Rc1 d3 17. Bd1 Bc4 18. Qe3 O-O 19. Nd2 b5 20. Bg4 g6 21. Qh3 h5 22. Bf3
f5 23. exf5 gxf5 24. Bxh5 e4 25. Qe3 Qf6 26. h4 Rd5 27. Bd1 f4 28. Qh3 e3 29.
fxe3 fxe3 0-1

[Event "ENCI Limburg-open A"]
[Site "Maastricht"]
[Date "2007.05.25"]
[Round "1"]
[White "Moors, Hans"]
[Black "Van Weersel, Arlette"]
[Result "1-0"]
[WhiteElo "2280"]
[BlackElo "2156"]
[PlyCount "77"]
[EventDate "2007.05.25"]
[EventType "swiss"]
[EventRounds "7"]
[EventCountry "NED"]
[Source "P.Boonen"]
[SourceDate "2010.01.01"]

1. Nf3 Nf6 2. c4 e6 3. g3 d5 4. Bg2 dxc4 5. O-O Nbd7 6. Qc2 Nb6 7. a4 a5 8. Na3
Bxa3 9. Rxa3 O-O 10. d3 cxd3 11. Rxd3 Qe7 12. Be3 Nbd7 13. Qxc7 Nd5 14. Rxd5
exd5 15. Nd4 Qd8 16. Nb5 Ra6 17. Bxd5 Qxc7 18. Nxc7 Rd6 19. Bg2 b6 20. Nb5 Rg6
21. Rc1 Rg4 22. Bh3 Rxa4 23. Nd6 Ba6 24. Bxd7 Rb4 25. Rc2 Rd8 26. Rc7 Bxe2 27.
Nxf7 Rf8 28. Be6 Rxb2 29. Kg2 Rb1 30. f4 Rb4 31. f5 Bh5 32. Ne5+ Kh8 33. Nd7
Re8 34. Nxb6 Rb2+ 35. Kh3 Rb4 36. Nc4 Be2 37. Bd4 Bf1+ 38. Kh4 Rxe6 39. Rc8+
1-0

[Event "ENCI Limburg-open A"]
[Site "Maastricht"]
[Date "2007.05.25"]
[Round "1"]
[White "Morren, Eric Jan"]
[Black "Klein, Gernot"]
[Result "1-0"]
[WhiteElo "1801"]
[BlackElo "1988"]
[PlyCount "101"]
[EventDate "2007.05.25"]
[EventType "swiss"]
[EventRounds "7"]
[EventCountry "NED"]
[Source "P.Boonen"]
[SourceDate "2010.01.01"]

1. c4 e6 2. g3 d5 3. Bg2 dxc4 4. Qc2 c6 5. Qxc4 b5 6. Qc2 Bb7 7. Nc3 a6 8. Nf3
Nd7 9. d4 c5 10. Be3 Ngf6 11. dxc5 Nxc5 12. Nxb5 Be4 13. Qc1 axb5 14. Bxc5 Rc8
15. b4 Bxc5 16. bxc5 Qa5+ 17. Kf1 b4 18. Qf4 Qxc5 19. Ng5 Bxg2+ 20. Kxg2 O-O
21. Rac1 Qa5 22. Rxc8 Rxc8 23. Rc1 Qa8+ 24. Nf3 Rxc1 25. Qxc1 Nd5 26. Qc4 Qb7
27. Kg1 h6 28. Nd4 Qc7 29. Qxc7 Nxc7 30. e4 Kf8 31. Kf1 Ke8 32. Ke2 Kd7 33. Kd3
Kd6 34. Kc4 Na6 35. f4 e5 36. Nf5+ Ke6 37. Nxg7+ Kf6 38. Nf5 h5 39. Kb5 Nc7+
40. Kxb4 exf4 41. gxf4 Ne6 42. a4 Nxf4 43. a5 Ne6 44. a6 Nc7 45. a7 Ke6 46. Kc5
Kd7 47. Kb6 Na8+ 48. Kb7 Nc7 49. h4 f6 50. Ng7 Kd6 51. Nxh5 1-0